[Event "Start"]
[Site "http://www.queenalice.com/game.php?id=554441"]
[Date "2009.3.11"]
[Round "-"]
[White "AzkabaN"]
[Black "vitte10"]
[Result "1-0"]
[WhiteElo "1827"]
[BlackElo "1820"]

1. e4 e6 2. d4 d5 3. Nc3 Bb4 4. e5 c5 5. a3 Ba5 6. b4 cxb4 7. Nb5 bxa3+ 8. c3
Bc7 9. Qg4 g6 10. Bxa3 Nh6 11. Qh3 Nf5 12. Bd3 a6 13. Nxc7+ Qxc7 14. Ne2 Nc6 15.
O-O Bd7 16. Rfb1 b5 17. g4 Nfe7 18. Bd6 Qd8 19. Qh6 Nc8 20. Qg7 1-0

[Event "Start"]
[Site "http://www.queenalice.com/game.php?id=559960"]
[Date "2009.3.22"]
[Round "-"]
[White "AzkabaN"]
[Black "jnable"]
[Result "1-0"]
[WhiteElo "2097"]
[BlackElo "2030"]

1. e4 c6 2. d4 d5 3. e5 Bf5 4. Nc3 e6 5. g4 Bg6 6. Nge2 h5 7. Nf4 Ne7 8. Nxg6
Nxg6 9. Bd3 Qh4 10. gxh5 Rxh5 11. Bxg6 fxg6 12. Qd3 Rf5 13. Be3 Nd7 14. O-O-O a6
15. Ne2 O-O-O 16. Ng3 Rf7 17. Qxg6 Rf3 18. Bg5 1-0

[Event "Start-1"]
[Site "http://www.queenalice.com/game.php?id=602438"]
[Date "2009.6.13"]
[Round "-"]
[White "AzkabaN"]
[Black "GMNeny"]
[Result "1-0"]
[WhiteElo "2210"]
[BlackElo "1980"]

1. e4 c5 2. Nf3 e6 3. d4 cxd4 4. Nxd4 Nf6 5. Nc3 a6 6. Be2 d6 7. O-O Be7 8. a4
O-O 9. f4 Nc6 10. Be3 Bd7 11. Nb3 Rc8 12. a5 Qc7 13. Bb6 Qb8 14. Qd2 Nb4 15.
Rfc1 d5 16. e5 Ne8 17. Qe3 g6 18. Nc5 1-0

[Event "AUTO-ELITE-354"]
[Site "http://www.queenalice.com/game.php?id=602485"]
[Date "2009.6.13"]
[Round "1"]
[White "Harir"]
[Black "AzkabaN"]
[Result "0-1"]
[WhiteElo "2198"]
[BlackElo "2170"]

1. e4 c5 2. Nf3 Nc6 3. Bb5 g6 4. O-O Bg7 5. d3 Nf6 6. Bg5 O-O 7. Nc3 d6 8. Qe2
Bg4 9. Bxc6 bxc6 10. e5 dxe5 11. h3 Bxf3 12. Qxf3 Nd5 13. Ne4 Qb6 14. Rab1 Rad8
15. a3 h6 16. Bh4 f5 17. Nd2 Nf6 18. Nc4 Qc7 19. Rbd1 e4 20. dxe4 Nxe4 21. Rd3
Rd4 22. b3 Qd7 23. Rfd1 Nd6 24. Rxd4 cxd4 25. Re1 Nxc4 26. bxc4 e5 27. c5 Rb8
28. a4 f4 29. c3 g5 30. cxd4 exd4 31. Qe4 gxh4 32. Qxf4 Re8 33. Rxe8+ Qxe8 34.
Qf5 Qe1+ 35. Kh2 Qe5+ 36. Qxe5 Bxe5+ 37. g3 d3 38. Kg2 d2 39. gxh4 d1=Q 0-1

[Event "AUTO-ELITE-354"]
[Site "http://www.queenalice.com/game.php?id=602486"]
[Date "2009.6.13"]
[Round "1"]
[White "AzkabaN"]
[Black "Harir"]
[Result "1-0"]
[WhiteElo "2262"]
[BlackElo "2197"]

1. e4 e5 2. Nf3 Nc6 3. Bc4 Bc5 4. b4 Bxb4 5. c3 Ba5 6. d4 exd4 7. Qb3 Nh6 8.
Bxh6 gxh6 9. Bxf7+ Kf8 10. O-O dxc3 11. Bd5 Ne7 12. Nxc3 c6 13. Bc4 b5 14. Be2
Rg8 15. g3 Rg7 16. e5 d5 17. exd6 Qxd6 18. Rfd1 Qf4 19. Kh1 Qf7 20. Qa3 Bc7 21.
Rac1 Bb6 22. Rd6 Be6 23. Rxc6 Rd8 24. Nxb5 Bxf2 25. Nc7 Bxa2 26. R6c4 Bxg3 27.
hxg3 Bxc4 28. Bxc4 Qh5+ 29. Kg2 Rg6 30. Nd4 Qe5 31. Nde6+ Rxe6 32. Nxe6+ Ke8 33.
Bb5+ Kf7 34. Nxd8+ Kg7 35. Qc3 Qxc3 36. Rxc3 Nd5 37. Rc5 a6 38. Rxd5 axb5 39.
Rxb5 Kf6 40. Rb6+ Kg7 41. Kh3 h5 42. Kh4 h6 43. Kxh5 Kf8 44. Rb7 Ke8 45. Nc6 Kf8
46. Kg6 Ke8 47. Kf6 h5 48. Ke6 Kf8 49. Ne5 Kg8 50. Kf6 h4 51. gxh4 Kh8 52. Kg6
Kg8 53. Rb8# 1-0

[Event "AUTO-ELITE-354"]
[Site "http://www.queenalice.com/game.php?id=602493"]
[Date "2009.6.13"]
[Round "1"]
[White "AzkabaN"]
[Black "Matrick"]
[Result "1/2-1/2"]
[WhiteElo "2231"]
[BlackElo "2324"]

1. e4 e6 2. d4 d5 3. Nc3 Bb4 4. e5 c5 5. a3 Bxc3+ 6. bxc3 Ne7 7. h4 Qc7 8. Nf3
b6 9. h5 h6 10. Bb5+ Bd7 11. Bd3 Nbc6 12. O-O O-O 13. Be3 f6 14. exf6 Rxf6 15.
c4 Be8 16. cxd5 Nxd5 17. dxc5 Bxh5 18. Be4 Nxe3 19. fxe3 bxc5 20. Rb1 Raf8 21.
Qd2 Bxf3 22. Rxf3 Rxf3 23. gxf3 Qg3+ 24. Qg2 1/2-1/2

[Event "AUTO-ELITE-354"]
[Site "http://www.queenalice.com/game.php?id=602494"]
[Date "2009.6.13"]
[Round "1"]
[White "Matrick"]
[Black "AzkabaN"]
[Result "0-1"]
[WhiteElo "2335"]
[BlackElo "2206"]

1. e4 c5 2. Nf3 Nc6 3. d4 cxd4 4. Nxd4 Nf6 5. Nc3 e5 6. Ndb5 d6 7. Bg5 a6 8. Na3
b5 9. Bxf6 gxf6 10. Nd5 Bg7 11. Bd3 Ne7 12. Nxe7 Qxe7 13. c4 f5 14. O-O O-O 15.
cxb5 d5 16. exd5 e4 17. Qe2 Qb4 18. Bc4 Qxb2 19. Nc2 axb5 20. Rab1 Qe5 21. Rxb5
Ba6 22. Rb6 Bxc4 23. Qxc4 Rfd8 24. Rd1 Bf8 25. Ne3 Bd6 26. Nf1 Ra3 27. Rb3 Rxb3
28. axb3 Rb8 29. Qc2 Re8 30. h3 Rb8 31. Kh1 h5 32. Ng3 h4 33. Nf1 Kg7 34. f3 Rb4
35. fxe4 fxe4 36. Qf2 Kg6 37. Rb1 f5 38. Rd1 Rxb3 39. Qe2 Rb2 40. Rd2 Rb1 41.
Rd1 Rxd1 42. Qxd1 Bc5 43. Nh2 Qd4 44. Qxd4 Bxd4 45. d6 Kf6 0-1

[Event "Let's Play Chess!"]
[Site "http://www.queenalice.com/game.php?id=605165"]
[Date "2009.6.17"]
[Round "-"]
[White "Pravitel"]
[Black "AzkabaN"]
[Result "1-0"]
[WhiteElo "2249"]
[BlackElo "2241"]

1. d4 Nf6 2. c4 c5 3. d5 b5 4. Qc2 bxc4 5. e4 d6 6. Bxc4 g6 7. Nf3 Bg7 8. O-O
O-O 9. h3 Na6 10. Nc3 Nd7 11. Bf4 Nb6 12. Bb5 Nb4 13. Qd2 a6 14. Be2 f5 15. e5
Bb7 16. Ng5 dxe5 17. Ne6 Qd6 18. Nxf8 Rxf8 19. Bh2 e6 20. a3 1-0

[Event "Let's Play Chess!"]
[Site "http://www.queenalice.com/game.php?id=605166"]
[Date "2009.6.17"]
[Round "-"]
[White "AzkabaN"]
[Black "Pravitel"]
[Result "0-1"]
[WhiteElo "2202"]
[BlackElo "2250"]

1. d4 Nf6 2. c4 e6 3. Nf3 b6 4. g3 Bb4+ 5. Nbd2 Bb7 6. Bg2 O-O 7. O-O d5 8. Ne5
Nbd7 9. Nxd7 Qxd7 10. a3 Bd6 11. cxd5 exd5 12. Nc4 Be7 13. Ne5 Qe6 14. Bf4 Nh5
15. Nd3 Nxf4 16. Nxf4 Qd7 17. Qc2 Rac8 18. Qb3 c6 19. Qa4 Qc7 20. Rac1 Qb8 21.
Bh3 Rc7 22. e3 Qd8 23. Bg2 Qc8 0-1

[Event "Challenge"]
[Site "http://www.queenalice.com/game.php?id=605533"]
[Date "2009.6.18"]
[Round "-"]
[White "jnable"]
[Black "AzkabaN"]
[Result "0-1"]
[WhiteElo "2058"]
[BlackElo "2247"]

1. e4 e6 2. d4 d5 3. Nc3 Bb4 4. e5 c5 5. a3 Bxc3+ 6. bxc3 Ne7 7. Qg4 Qc7 8. Qxg7
Rg8 9. Qxh7 cxd4 10. Kd1 Nbc6 11. Nf3 Bd7 12. Bf4 dxc3 13. Ng5 Rf8 14. Bd3 Nd4
15. Re1 Ba4 16. Qh5 O-O-O 17. Qg4 Nef5 18. Bc1 Qc4 19. Bxc4 Bxc2# 0-1

[Event "4 -"]
[Site "http://www.queenalice.com/game.php?id=641706"]
[Date "2009.8.24"]
[Round "-"]
[White "AzkabaN"]
[Black "ipatov"]
[Result "0-1"]
[WhiteElo "2262"]
[BlackElo "1801"]

1. e4 c5 2. Nf3 d6 3. d4 cxd4 4. Nxd4 Nf6 5. Nc3 a6 6. Be3 Ng4 7. Bg5 h6 8. Bh4
g5 9. Bg3 Bg7 10. h3 Ne5 0-1

[Event "AUTO-ELITE-354"]
[Site "http://www.queenalice.com/game.php?id=656630"]
[Date "2009.9.23"]
[Round "2"]
[White "AzkabaN"]
[Black "gbsalvio"]
[Result "0-1"]
[WhiteElo "2341"]
[BlackElo "2560"]

1. d4 Nf6 2. Nf3 d5 3. Bg5 Ne4 4. Bf4 f6 5. Nbd2 g5 6. Be3 Nd6 7. g3 c6 8. Nb3
Bf5 9. Nfd2 Na6 10. c3 Qd7 11. Nc5 Nxc5 12. dxc5 Nb5 13. a4 Nc7 14. h4 g4 15.
Bg2 e5 16. b4 a5 17. Nb3 axb4 18. cxb4 Bg7 19. h5 h6 20. Na5 Ne6 21. Kf1 Ng5 22.
Rh4 O-O 23. Bd2 Be4 24. Rh2 Bxg2+ 25. Kxg2 Nh3 26. Qb3 f5 27. Rah1 f4 28. Rxh3
gxh3+ 29. Rxh3 Rf7 30. b5 Bf8 31. bxc6 bxc6 32. Qb1 Qe6 33. Qb6 Qf5 34. Qxc6 f3+
0-1

[Event "AUTO-ELITE-354"]
[Site "http://www.queenalice.com/game.php?id=656631"]
[Date "2009.9.23"]
[Round "2"]
[White "gbsalvio"]
[Black "AzkabaN"]
[Result "1-0"]
[WhiteElo "2564"]
[BlackElo "2332"]

1. e4 c6 2. b3 d5 3. Bb2 dxe4 4. Nc3 Nf6 5. Qe2 Bf5 6. h3 Na6 7. g4 Be6 8. g5
Nd5 9. Nxe4 Nab4 10. d3 Bf5 11. a3 Na6 12. Nf3 h6 13. Ne5 e6 14. g6 fxg6 15. Rg1
Nf4 16. Qf3 g5 17. h4 Be7 18. O-O-O Nc5 19. Kb1 Qd5 20. hxg5 hxg5 21. Nxg5 Qxf3
22. Ngxf3 Rh7 23. Nc4 O-O-O 24. Ng5 Bxg5 25. Rxg5 Ne4 26. Rxg7 Nxf2 27. Re1 Rxg7
28. Bxg7 Ng4 29. Kb2 Kc7 30. a4 b6 31. Bc3 Nd5 32. Bd2 Rg8 33. Be2 Nh2 34. b4
Rg2 35. Kb3 Ng4 36. Bf3 Rf2 37. Bxg4 Bxg4 38. Rg1 Bh5 39. Be1 Rf8 40. Rg7+ 1-0

[Event "AUTO-ELITE-354"]
[Site "http://www.queenalice.com/game.php?id=656632"]
[Date "2009.9.23"]
[Round "2"]
[White "AzkabaN"]
[Black "Danton"]
[Result "1-0"]
[WhiteElo "2283"]
[BlackElo "2412"]

1. d4 Nf6 2. Nf3 e6 3. Bg5 c5 4. e3 cxd4 5. exd4 h6 6. Bh4 Qb6 7. b3 Nd5 8. c3
Nc6 9. Bc4 Be7 10. Bxd5 exd5 11. O-O 1-0

[Event "AUTO-ELITE-354"]
[Site "http://www.queenalice.com/game.php?id=656633"]
[Date "2009.9.23"]
[Round "2"]
[White "Danton"]
[Black "AzkabaN"]
[Result "0-1"]
[WhiteElo "2412"]
[BlackElo "2313"]

1. e4 c6 2. Nf3 d5 3. e5 Bf5 4. Be2 e6 5. O-O c5 6. d4 Nc6 7. c3 cxd4 8. cxd4
Nge7 9. Nc3 Bg4 10. Be3 Nf5 11. h3 Bxf3 0-1